Tenants gain a collective voice (Record no. 71022)

MARC details
000 -LEADER
fixed length control field 01406cam a2200265 4500
001 - CONTROL NUMBER
control field ABS65848
008 - FIXED-LENGTH DATA ELEMENTS--GENERAL INFORMATION
fixed length control field 020828n2002 000 0 eng u
035 ## - SYSTEM CONTROL NUMBER
System control number (Sirsi) u119457
100 ## - MAIN ENTRY--PERSONAL NAME
Personal name Greenish, D.
245 ## - TITLE STATEMENT
Title Tenants gain a collective voice
260 ## - PUBLICATION, DISTRIBUTION, ETC.
Date of publication, distribution, etc. 2002
490 ## - SERIES STATEMENT
Series statement Estates Gazette
Volume/sequential designation (0228) 13 July 2002, 120-122(2)
520 ## - SUMMARY, ETC.
Summary, etc. The first of two articles examines the changes brought about by the Commonhold and Leasehold Reform Act 2002. Explains that the government wants to make it easier for leaseholders to buy their freeholds. This will be achieved by the abolition of the residency test and low-rent test. With the right to enfranchise collectively extending to buildings that have up to 25% of their parts as non-residential instead of the present 10% there will be a rise of additional part-commercial buildings within the enfranchisement net. There will also be changes to valuation proceedures with a fixed valuation date as at the date of a claim, and the share of marriage value be set at 50:50.
590 ## - LOCAL NOTE (RLIN)
Local note ABS
650 ## - SUBJECT ADDED ENTRY--TOPICAL TERM
Topical term or geographic name entry element COMMONHOLD AND LEASEHOLD REFORM ACT 2002
650 ## - SUBJECT ADDED ENTRY--TOPICAL TERM
Topical term or geographic name entry element LEASEHOLDERS
650 ## - SUBJECT ADDED ENTRY--TOPICAL TERM
Topical term or geographic name entry element FREEHOLDS
650 ## - SUBJECT ADDED ENTRY--TOPICAL TERM
Topical term or geographic name entry element ENFRANCHISEMENT
650 ## - SUBJECT ADDED ENTRY--TOPICAL TERM
Topical term or geographic name entry element HOUSING ACT 1996
650 ## - SUBJECT ADDED ENTRY--TOPICAL TERM
Topical term or geographic name entry element HOUSING AND URBAN DEVELOPMENT ACT 1993
650 ## - SUBJECT ADDED ENTRY--TOPICAL TERM
Topical term or geographic name entry element VALUATION DATE
650 ## - SUBJECT ADDED ENTRY--TOPICAL TERM
Topical term or geographic name entry element MARRIAGE VALUE
690 ## - LOCAL SUBJECT ADDED ENTRY--TOPICAL TERM (OCLC, RLIN)
Topical term or geographic name as entry element LANDLORD AND TENANT-LEASEHOLD REFORM
942 ## - ADDED ENTRY ELEMENTS (KOHA)
Suppress in OPAC 0
Holdings
Withdrawn status Lost status Source of classification or shelving scheme Damaged status Not for loan Home library Current library Shelving location Date acquired Total Checkouts Full call number Barcode Date last seen Copy number Price effective from Koha item type
    Dewey Decimal Classification     London London Journal article 28/08/2002   ABS65848 119457-1001 06/08/2019 1 06/08/2019 Journal article